000 00802cam a22002773a 4500
001 10948
003 PGUSA
005 20140828083231.0
008 040201s2004||||xxu|||||s|||||000 1 eng d
040 _aPGUSA
_beng
042 _adc
050 4 _aPS
100 1 _aStockton, Frank Richard,
_d1834-1902
245 1 4 _aThe Stories of the Three Burglars
_h[electronic resource] /
_cFrank Richard Stockton
260 _bProject Gutenberg,
_c2004
506 _aPublic domain in the USA.
516 _aElectronic text
653 _aStorytelling -- Fiction
653 _aAuthors -- Fiction
653 _aBurglars -- Fiction
653 _aDetectives -- Fiction
653 _aAunts -- Fiction
830 0 _aProject Gutenberg
_v10948
856 4 0 _uhttp://www.gutenberg.org/ebooks/10948
942 _cEB
999 _c240203
_d240203